Normal view
MARC view
- Radio
Entry Topical Term
001 - CONTROL NUMBER
- control field: 39068
003 - CONTROL NUMBER IDENTIFIER
- control field: NUST
005 - DATE AND TIME OF LATEST TRANSACTION
- control field: 20210314131333.0
008 - FIXED-LENGTH DATA ELEMENTS
- fixed length control field: 210314|| aca||aabn | a|a d
040 ## - CATALOGING SOURCE
- Original cataloging agency: NUST
- Transcribing agency: NUST
150 ## - HEADING--TOPICAL TERM
- Topical term or geographic name entry element: Radio
670 ## - SOURCE DATA FOUND
- Source citation: Work cat.: (NUST): Crook, Wilfrid Evelyn. [from old catalog] 39067, Elementary mathematics for wireless operators,, 1942.
